Batman Arkham City Trivia - Statistics

General Stats
  • This quiz has been taken 59 times
  • The average score is 17 of 38
Answer Stats
Hint Answer % Correct
What is the colour of Catwoman's eyes? Green
94%
From what country are the twins Mr Hammer and Mr Sickle? Russia
85%
Complete the phrase: "No one is who you think they are, my dear. Why spoil the ___?" Fun
79%
Who personally delivers the line launcher to Batman? Robin
79%
When Bruce Wayne is being processed into Arkham City, what is the identity of the inmate who tells Bruce he's on their list? Deadshot
77%
Who has been standing in for Joker as a body double? Clayface
73%
Mr Freeze has been busy making pretty ice sculptures in the GCPD whilst Batman nearly dies in Wonder City. Who are these ice sculptures of? Nora Fries
69%
What kind of animal does Penguin keep as a pet? A Shark
67%
In what city did Talia and Bruce spend a romantic night together? Metropolis
63%
What does Batman see lying beside Harley's asylum outfit in the Managers Office of the Steel Mill? Pregnancy Test
62%
The inscription on Ra's al Ghul's sword is written in what language? Arabic
60%
At the beginning of the game in Two-Face's office, the painting hiding the safe is called "The Duality of Man". Who are the two men in the painting? Cain and Abel
58%
How does Batman enter the Steel Mill the first time? Through The Main Chimney
58%
In exchange for Batman's life, what does Talia offer Joker? Immortality
56%
On what building does Azrael leave his final mark? The Church
54%
Who has a makeshift office in the Church builiding? Aaron Cash
52%
What theme did Penguin arrange inside Mr Freeze's trophy case? A beach
48%
What gadget does Batman use to save Vicki Vale? Line Launcher
48%
And what is this ^ pets name? Tiny
48%
What happens to Solomon Grundy on Tuesday? He Was Christened
46%
Whose technology does Strange adapt and use to brainwash Quincy Sharp at the asylum and also his TYGER guards? Mad Hatter
46%
During Zsasz phone calls recollecting his first ever murder, what hand does the Penguin deal in their poker game, causing Zsasz to lose his fortune? Straight Flush
46%
What is the voice print activation password to activate Protocol 11? Wayne
44%
Where does Batman find the master control key to be able to access Wonder Tower? TYGER Helicopter
40%
Riddler's hideout is located in which district of the prison? Bowery
35%
What destructible object can be found in the subway/sewers? Joker Teeth
35%
Ivy wants Catwoman to retrieve this item from the Confiscated Goods Vault. A Flower
27%
What weapon does Penguin prepare to use on Bruce Wayne? Knuckledusters
27%
In which room does Batman get use of the REC gun? (Remote Electrical Charge) Smelting Chamber
27%
The political prisoners have set up camp in which district of the prison? Park Row
23%
What is the code for the gate to get into the museum? Fossil
19%
Joker's Funhouse
19%
During the main story of the game, we face two Titan enhanced thugs. In which rooms do we fight them? The Gladiator Pit
17%
After breaking out of the display case, what does the ninja call Batman? A Blasphemer
12%
What is the password for the door to get into Strange's office? Gotham Saviour
12%
What is the name of Penguin's radio channel that Batman hacks into, to listen in to all of Penguin's communications? Puffin Zero
12%
After Catwoman's apartment gets blown up, what is written on the side of the building in pink? CATWOMAN MUST DIE
8%
What gadget do we obtain from Mr Freeze's suit? Disruptor: Freeze Override
8%
No matching quizzes found
Score Distribution
Percent of People with Each Score
Percentile by Number Answered
Your Score History
You have not taken this quiz